000 00766nam a2200181Ia 4500
008 151202s9999||||xx |||||||||||||| ||und||
082 _bPNVM-80581
100 _aधोंड मधुकर वासुदेव.
245 _aज्ञानेश्‍वरीतील लौकिक सृष्टी.
260 _b"मौज प्रकाशन,मुंबई."
260 _c1991
300 _a179
600 _aधोंड मधुकर वासुदेव.
630 _aज्ञानेश्‍वरीतील लौकिक सृष्टी.
700 _aधोंड मधुकर वासुदेव.
730 _aज्ञानेश्‍वरीतील लौकिक सृष्टी.
942 _cBOOK
999 _c1345189
_d1345186